[Event "Bogota Semana Santa op U20"]
[Site "Bogota"]
[Date "2012.04.05"]
[Round "2"]
[White "Cotes Ontibon, Juan Sebastian"]
[Black "Reina, Esteban"]
[Result "0-1"]
[WhiteElo "2017"]
[BlackElo "1300"]
[PlyCount "42"]
[EventDate "2012.04.05"]
[EventType "swiss"]
[EventRounds "7"]
[EventCountry "COL"]
[SourceTitle "CBM 147 Extra"]
[Source "ChessBase"]
[SourceDate "2012.04.24"]
[SourceVersion "1"]
[SourceVersionDate "2012.04.24"]
[SourceQuality "1"]

1. e4 c5 2. Nf3 d6 3. d4 cxd4 4. Nxd4 g6 5. f3 Nf6 6. Nc3 Bg7 7. Bd3 0-0 8. 0-0 Nc6 9. Nb3 Qb6+ 10. Kh1 Nb4 11. Bc4 Rd8 12. Qd2 Be6 13. Na4 Qc6 14. Nd4 Qxc4 15. Qe2 Qxd4 16. c3 Qc4 17. Qxc4 Bxc4 18. Rd1 d5 19. cxb4 dxe4 20. Rxd8+ Rxd8 21. fxe4 Rd1# 0-1